000 04350nam a22006017a 4500
001 B-263882-907
003 dpl
005 20080602112520.0
008 080602t xxu||||| |||| 00| 0 eng d
010 _aB-263882-907
020 _a8130404400
_c175.00
035 _aB-263882-907
037 _aUBH dt. 7.5.08
_bUBH/ 7.5.08/29/8.4.08/19.5.08/175.00/
040 _aDPL
_bEN
082 _aS / ASH
100 _aAshraf Ali
245 _aThe great Mughals /
_cwritten & edited by Ashraf Ali; illustrated by Bookmark
260 _a Delhi
_bTiny Tot Publications
_c2008
260 _aDelhi
_bUBH (Distributors)
270 _a235, Jagriti Enclave
_bDelhi
_e110092
270 _a15, U.B. Banglow Road
_bDelhi
_e110007
300 _a200p.:
_bcol. ill.
_c25 cm (Hb)
490 _a
700 _aAshraf Ali
700 _aBookmark
942 _2ddc
_cCH
_hS / ASH
999 _c13267
_d13267